Marketing para Pymes: un enfoque para Latinoamérica
I tiakina i:
| Kaituhi matua: | |
|---|---|
| Hōputu: | Pukapuka |
| Reo: | Pāniora |
| I whakaputaina: |
Ciudad de México
Alfaomega
2013
|
| Putanga: | 1a. ed |
| Ngā marau: | |
| Ngā Tūtohu: |
Tāpirihia he Tūtohu
Kāore He Tūtohu, Me noho koe te mea tuatahi ki te tūtohu i tēnei pūkete!
|
MARC
| LEADER | 00000cam a2200000 a 4500 | ||
|---|---|---|---|
| 001 | UCD0581 | ||
| 003 | CL-VaPUC | ||
| 008 | 151204e20130000mx |||||||||||||||||spa|d | ||
| 020 | |a 9789586828468 | ||
| 082 | 0 | 4 | |a 658.8 |b SCH |2 21 |
| 100 | 0 | |a Schnarch Kirberg, Alejandro |e author |9 583535 | |
| 245 | 1 | 0 | |a Marketing para Pymes: un enfoque para Latinoamérica |
| 250 | |a 1a. ed | ||
| 300 | |a 491 p | ||
| 942 | |c BK | ||
| 945 | |d 20151204 12:43:00 |a arojas | ||
| 260 | |a Ciudad de México |b Alfaomega |c 2013 | ||
| 650 | 0 | |a Marketing |9 259324 | |
| 650 | 7 | |a PROGRAMA DE MARKETING |2 CL-VaPUC |9 583536 | |
| 650 | 0 | |a Publicidad |9 314572 | |
| 650 | 7 | |a PYMES |2 CL-VaPUC |9 497299 | |
| 651 | 7 | |a LATINOAMERICANA |2 CL-VaPUC |9 544643 | |
| 651 | 0 | |a Latinoamérica |9 316393 | |
| 583 | |a last modification |c 20151204 12:43:00 |k Rodrigo Vera | ||
| 999 | |c 362048 |d 362046 | ||
| 952 | |0 0 |1 0 |3 erb |4 0 |6 658_800000000000000_SCH_2013 |7 0 |8 A |9 472910 |a BIBENE |b BIBENE |i 5255015 |o 658.8 SCH 2013 |p 5255015 |r 2025-01-15 |w 2019-11-24 |y BK |z Catalogado en:20151204 |k ICO | ||